000 01222nam a2200313 i 4500
001 53216
003 ES-MaACL
005 20250902063054.0
007 t|
008 031014e1910 fr |r 00110|fre d
040 _cES-MaACL
080 _a33
100 1 _aDupont de Nemours, Pierre Samuel,
_d1739-1817
_eaut
_946111
245 1 0 _aDe l'origine et des progrès d'une science nouvelle, 1768 /
_cDupont de Nemours ; publié avec notice et table analytique par A. Dubois
260 _aParis :
_bP. Geuthner,
_c1910
300 _aIX, 40 páginas;
_c23 cm
490 1 _aCollection des économistes et des réformateurs sociaux de la France ;
_v1
500 _aÍndice
530 _aDisponible en formato digital
650 7 _aEconomía
_2embne
_912006
700 1 _aDubois, Auguste,
_d1866-1935
_eclb
_945760
752 _aFrancia -
_dParís
830 0 _aCollection des économistes et des réformateurs sociaux de la France ;
_v1
_9181595
852 4 _aES-MaACL
_cDEPO2
_jG-5157
856 4 _uhttps://gallica.bnf.fr/ark:/12148/bpt6k800625
_yVersión en línea
_z(Gallica. Bibliothèque nationale de France)
942 _cMONOGRAFIA
_n0
999 _c53216
_d53216